banner koha

Reforma econômica para o Brasil / (Registro n. 8205)

MARC details
000 -LÍDER
campo de controle de tamanho fixo 01436nam a2200253 a 4500
001 - NÚMERO DE CONTROLE
campo de controle BS0003152
003 - IDENTIFICADOR DO NÚMERO DE CONTROLE
campo de controle BR-BrBNA
005 - DATA E HORÁRIO DA ÚLTIMA TRANSAÇÃO
campo de controle 20230418192230.0
008 - CAMPO DE DADOS FIXOS--INFORMAÇÃO GERAL
campo de controle de tamanho fixo 230308b |||||||| |||| 00| 0 por d
040 ## - FONTE DA CATALOGAÇÃO
Instituição da catalogação original BR-BrBNA
Idioma da catalogação por
Instituição que transcreveu o registro Biblioteca Nacional de Agricultura
041 ## - CÓDIGO DE IDIOMA
Código do idioma do texto/trilha sonora ou título diferente por
072 ## - CÓDIGO DE CATEGORIA DE ASSUNTO
Código de Categoria de Assunto B53
090 ## - NÚMERO DE CHAMADA LOCAL
Número de chamada B53 BS0003152
100 1# - ENTRADA PRINCIPAL--NOME PESSOAL
Nome pessoal Diniz, Abilio (cord.)
110 1# - ENTRADA PRINCIPAL--NOME CORPORATIVO
Nome corporativo ou nome da jurisdição Grupo Pão de Açucar
245 1# - TÍTULO
Título Reforma econômica para o Brasil /
250 1# - EDIÇÃO
Edição s. ed.
260 3# - PUBLICAÇÃO, DISTRIBUIÇÃO, ETC.
Local de publicação, distribuição, etc. São Paulo, SP:
Nome do editor, distribuidor, etc. Livraria Nobel s.a,
Data da publicação, distribuição, etc. 1990.
300 ## - DESCRIÇÃO FÍSICA
Extensão 212 p.
520 3# - NOTA DE RESUMO, ETC
Resumo, etc. A discussão, hoje, ultrapassa o conflito entre a direita e a esquerda. Na impossibilidade de se definir com clareza o que é certo ou errado, ou que é bom ou que é ruim, a discussão deve estar centralizada em torno dos conceitos do que é novo ou do que é velho. Novo é a Europa de 1992, a integração dos povos, e a unificação da Alemanha,n a abertura dos países do leste europeu, a preocupação com a evolução tecnológica a serviço da humanidade. Velho é o muro de Berlim, a repressão chinesa, o autoritarismo. Velho é o fechamento da economia brasileira, o nosso atraso tecnológico dele decorrente, a queda da produtividade industrial, o sistema cartorial, a desigualdade social que ocorre tanto no setor privado ou no setor público. Velho se tornou o Brasil.
650 ## - ASSUNTO--TERMO TÓPICO
Cabeçalho tópico ou nome geográfico ECONOMIA
909 ## -
-- 202304
-- Sergio Santos
-- 56
-- Sergio Santos
942 ## - ELEMENTOS DE ENTRADA ADICIONADOS (KOHA)
Tipo de material Koha Livros
Exemplares
Situação do descarte Fonte da classificação ou esquema de arquivamento na estante Situação física Não pode ser emprestado Coleção Biblioteca de origem Biblioteca atual Total de empréstimos Número de telefone completo Código de barras Data de último acesso Número do exemplar Tipo de material Koha Situação das perdas Data de aquisição Fonte de aquisição Qualificador de local codificado
  Classificação AGRIS     Acervo Cultural Biblioteca Nacional de Agricultura - Binagri Biblioteca Nacional de Agricultura - Binagri   B53 BS0003152 B53 BS0003152 12/04/2023 01 Livros   2023-04-04 Doação B53

BINAGRI

Telefone: (61)3218-2567/2388/3357/2097 - binagri@agro.gov.br

Ministério da Agricultura e Pecuária , Esplanada dos Ministérios, Bloco D, Anexo B, Brasília/DF, CEP: 70.043-900